00509nam a2200145Ia 4500008004100000020001500041041000800056082001700064100002500081245016800106260005700274300001200331440000600343650001400349210716s2004 xx 000 0 und d a8176293091 aeng a330.092 DASD aDas, Debendra Kumar. aGreat Indian economists: Thier creative vision for socio- economic development-5- D R Gadgil.bThier creative vision for socio- economic development-5- D R Gadgil. aNew delhibDeep and deep publications pvt. ltdc2004 axli,385 v1 aEconomics